00338nam a2200109Ia 4500008004000000082001800040100003900058245004600097260004200143300000800185650003500193210210b1999 xxu||||| |||| 00| 0 eng d a510.2465 KAVT aKAVITHA (M) & URS (Narendra Raje). aText book of business mathematics. I PUC. aMangalore.bUnited Publishers.,c1999 a438 aBusiness mathematics for I PUC